000 00685nam a22001937a 4500
999 _c164707
_d164707
005 20190524154901.0
010 _aUR-10157
020 _c115.00
_a9789387539570
035 _aU-8712
037 _bDBAD/PUB
082 _a841
100 _aنو ر فا طمہ ا نصا ر ی
245 _a( نو ر سحر(شعر ی مجمو عہ
_cنو ر فا طمہ ا نصا ر ی
246 _b‏Noor-e-Saher(Urdu)
_aby Noor Fatima Ansari
260 _a Delhi
_bEducational Publishing House
_c2017 ء
270 _a3191،Vakil Street,Kucha Pandit,Lal Kuan,
_bDelhi
_e110006
_k23216162
_l00911123211540
300 _a175ص
_c22 Cm(B.b)
942 _2ddc
_cUR
_h841
_mا ن ص